000 00794nam a2200229 i 4500
001 55699
003 ES-MaACL
005 20230906163211.0
007 t|
008 030925m19691970sp ||||1| cat d
080 _a930.1
080 _a008(04)
100 1 _aDeulofeu, Alejandro.
_943975
245 1 3 _aLa matemàtica de la història.
_nI,
_pNaixença, grandesa i mort de les civilitzacions /
_cAlexandre Deulofeu.
246 3 _aNaixença, grandesa i mort de les civilitzacions
260 _aFigueres, Gerona :
_bEmporitana,
_c[1969-1970]
300 _a1 v. (279 p.) :
_bil. ;
_c19 cm.
505 8 _aContiene: I. Naixença, grandesa i mort de les civilitzacions
650 4 _aHistoria-
_xFilosofía.
_913380
650 4 _aCivilización-
_xFilosofía.
_911081
852 4 _aES-MaACL
_jP-1853
999 _c55699
_d55699